000
00289nam a22001217a 4500
082
_a
004 BAN'C
100
_a
BANERJEE, UTPAL K
_9
60764
245
_a
COMPUTER MANAGEMENT AND PLANNING
250
_a
2ND
260
_a
NEW DELHI
_b
TATA MCGRAW HILL
_c
1987
300
_a
343P
942
_c
BK
999
_c
570412
_d
570412